Responses for Show #2143 - Wednesday, December 22, 1993

Jean Grewe game 3.

Contestants

[<< previous game]

Philip Glotzbach, a college administrator from Redlands, California

Dave Dixon, a Ph.D. candidate from Waukesha, Wisconsin

Jean Grewe, a typesetter from Oak Park, Illinois (whose 2-day cash winnings total $25,901)

[next game >>]

Jeopardy! Round responses

U.S. GEOGRAPHY
CHRISTMAS SONGS
BUSINESS & INDUSTRY
HORSES
WISH SUPERSTITIONS
POT LUCK
    $100 7
(Dave: What is Washington?)

Alaska

JeanDave
    $100 4
"The 12 Days of Christmas"

Dave
    $100 5
Chiquita

Jean
    $100 22
(Robert E.) Lee

Dave
    $100 1
a birthday cake

Jean
    $100 17
All in the Family

Jean
    $200 11
(Jean: What is... what is... oh!)
[Time runs out]
(Alex: Oh sorry, too long.)

Chesapeake Bay

JeanDave
    $200 6
"Glory to the Newborn King"

Dave
    $200 27
Macy's

Philip
    $200 23
Ichabod Crane

Dave
    $200 2
wishbone

Jean
    $200 18
the skin

Jean
    $300 12
(Philip: What are the White Mountains?)
(Dave: What are the Catskills?)
...
(Alex: Correct response: "What are [*]?" I... hesitate to point out the scores: Jean's at -$100, Dave's at -$100, and Philip has nothing. So Philip is leading with no money!)

the Adirondacks

DavePhilip
Triple Stumper
    $300 8
"Good King Wenceslas"

Dave
    $300 28
(Philip: What is the Tetley Company?)

Lipton

DavePhilip
    $300 24
Achilles

Dave
    $300 3
a star

Philip
    $300 19
karate

Philip
    $400 13
Puget Sound

Dave
    $400 9
(Jean: What is... oh!)
(Alex: Oh, that's too bad.)
...
(Alex: [Singing] [*], Santa came...)

"Then one foggy Christmas Eve"

Jean
Triple Stumper
    $400 29
(Jean: What is Colgate?)

Crest

JeanPhilip
    $400 25
Death

Dave
    $400 15
a robin

Jean
    $400 20
corn

Jean
    $500 14
Amarillo

Dave
    $500 10
(Dave: Who is Cohen?)
...
(Alex: Composer of "The Music Man" was [*]. Dave, we go back to you.)

Meredith Willson

Dave
Triple Stumper
    $500 30
McCormick

Jean
    $700 26
(Alex: [*] is correct, yes. The winged horse Pegasus. In the lead is Dave with $2,000 as he makes his next selection.)

Tri-Star

Dave
    $500 16
blue

Jean
    $500 21
(Dave: Who is Chief of the Exchequer?)
(Philip: What is Secretary of the Exchequer?)
...
(Alex: The correct terminology in Great Britain is [*]. Jean, back to you for the selection.)

Chancellor of the Exchequer

DavePhilip
Triple Stumper

Scores at the first commercial break (after clue 15):

Jean Dave Philip
$300 $800 $0

Scores at the end of the Jeopardy! Round:

Jean Dave Philip
$1,600 $2,300 $100

Double Jeopardy! Round responses

HISTORIC PEOPLE
QUOTATIONS
CENTRAL AMERICA
SAINTS
MUSIC APPRECIATION
FICTIONAL CHARACTERS
    $200 7
William

Jean
    $200 2
Will Rogers

Jean
    $200 30
Panama

Jean
    $200 1
Patrick

Dave
    $200 12
rhythm & blues

Jean
    $200 17
Portnoy's Complaint

Dave
    $400 8
(Alexander) Hamilton

Dave
    $400 3
Ronald Reagan

Jean
    $400 29
(Jean: What is the United States?)

Mexico

JeanDave
    $400 22
a dragon

Dave
    $400 13
chants

Jean
    $400 18
Uncle Tom

Jean
    $600 9
(Dave: Who was Hudson?)

Captain Cook

JeanDave
    $600 4
(Philip: [*]?)
(Alex: Remember your phrasing.)
(Philip: Um, what is... what are the words [*]?)
(Alex: That's it.)

"Say nothing"

Philip
    $600 26
the Mayans

Jean
    $600 23
Ignatius

Dave
    $600 14
Spain

Dave
    $600 19
Mary McCarthy

Philip
    $800 10
(Joseph) Stalin

Dave
    $800 5
Richard Nixon

Philip
    $800 27
(Dave: What is Titicaca?)

Lake Nicaragua

Dave
Triple Stumper
    $1,000 24
(Alex: And we have around a minute left in the round.)

St. Elmo

Dave
    $800 15
(Antonio) Salieri

Jean
    $800 20
The Satanic Verses

Jean
    $2,000 11
(Dave: Who is Smith?)

Lord (Frederick) North

Dave
    $1000 6
(Philip: What is "Happiness goes out the window"?)

"Love flies out the window"

Philip
Triple Stumper
    $1000 28
Honduras

Dave
    $1000 25
Canterbury

Jean
    $1000 16
(Dave: Who is Schumann?)
...
(Alex: Hansel and Gretel composed by [*]; not the singer.)

Engelbert Humperdinck

Dave
Triple Stumper
    $1000 21
(David) Mamet

Dave

Scores at the end of the Double Jeopardy! Round:

Jean Dave Philip
$7,000 $4,500 $1,100

[wagering suggestions for these scores]

Final Jeopardy! Round responses

ORGANIZATIONS
(Alex: [After reading Dave's response] No, that too is incorrect. You're on the wrong side.)
...
(Alex: Well, you're all in the same area; you're all on the right track, but it was [*], the GAR. The man died at the age of 109.)
PhilipWhat was the Veterans of the Civil War?
$100
DaveWHAT WAS SONS OF THE CONFEDERACY?
$4,498
JeanWhat is Veterans of the Civil War?
$3,000
the Grand Army of the Republic

Final scores:

Jean Dave Philip
$4,000 $2 $1,000
3-day champion: $29,901 3rd place: Abu Garcia fishing reels and rods + Wheel of Fortune and Jeopardy! for Super Nintendo/Sega Genesis + Jeopardy! '92 home game 2nd place: a trip to New York on TWA + a week at Roseland Ranch resort in Stanfordville, N.Y. + Jeopardy! '92 home game

Game dynamics:

Coryat scores:

Jean Dave Philip
$7,000 $6,100 $1,100
22 R,
4 W
23 R
(including 2 DDs),
8 W
(including 1 DD)
7 R,
4 W

Combined Coryat: $14,200

[game clues] [game scores] [suggest correction]

Game tape date: 1993-09-14
The J! Archive is created by fans, for fans. Scraping, republication, monetization, and malicious use prohibited; this site may use cookies and collect identifying information. See terms. The Jeopardy! game show and all elements thereof, including but not limited to copyright and trademark thereto, are the property of Jeopardy Productions, Inc. and are protected under law. This website is not affiliated with, sponsored by, or operated by Jeopardy Productions, Inc. Join the discussion at JBoard.tv.